[Event "Spring Chess Classic 2017-B"]
[Site "Saint Louis"]
[Date "2017.05.22"]
[Round "7"]
[White "Chandra, Akshat"]
[Black "Abdumalik, Zhansaya"]
[Result "1-0"]
[WhiteElo "2495"]
[BlackElo "2420"]
[Annotator "TA"]
[PlyCount "79"]
[EventDate "2017.??.??"]
[EventType "tourn"]
[EventCountry "USA"]
[SourceTitle "playchess.com"]
[Source "ChessBase"]
[SourceQuality "1"]

{[%evp 16,79,0,0,0,-6,0,1,0,0,0,0,27,22,39,27,29,10,0,0,27,-10,0,0,28,0,31,48,69,66,53,59,58,55,79,0,0,-10,20,18,20,33,215,207,221,227,366,355,388,386,422,412,408,397,471,465,466,455,436,423,662,662,649,631,625,604]} 1. e4 e5 2. Nf3 Nc6 3. Bb5 Nf6 4. d3 Bc5 5. O-O d6 6. Nbd2 {C65: Ruy Lopez: Berlin Defence (3...Nf6), unusual lines and 4 0-0 Bc5} (6. c3 O-O 7. h3 Ne7 8. d4 Bb6 9. Bd3 Ng6 10. Re1 Re8 11. Qc2 exd4 12. cxd4 c5 13. dxc5 Bxc5 14. Nc3 Be6 15. Be3 {½-½ (40) Anand,V (2794)-Caruana,F (2762) Moscow 2016}) 6... O-O 7. Bxc6 bxc6 8. h3 Re8 9. Re1 {LiveBook: 11 Games} a5 10. Nf1 Nh5 $146 ({Predecessor:} 10... Rb8 11. Ng3 h6 12. a4 d5 13. exd5 Qxd5 {½-½ (39) Anurag,M (2393)-Sangma,R (2285) Nagpur 2015}) 11. Nxe5 Rxe5 (11... Qh4 $5 {[%cal Rh4f2]} 12. d4 Bxd4 13. Qxd4 Rxe5 $11) 12. d4 Bxd4 13. Qxd4 c5 14. Qd1 {[#] And now f4 would win.} Qf6 15. Bd2 Qg6 16. Kh2 {Black must now prevent f4.} Bb7 17. f3 f5 {[%cal Rf5e4]} 18. exf5 Rxf5 19. Qe2 Bd5 20. Qd3 (20. Ne3 $5 {[%cal Re3f5]} Qg3+ 21. Kh1 $11) 20... c4 21. Qd4 c3 22. bxc3 Raf8 23. Qg4 $36 {[%mdl 2048] White has the initiative.} Qf7 24. Ne3 Re5 25. c4 ({Better is} 25. Nxd5 $16 Rxd5 26. Rad1) 25... Be6 $11 26. Qd4 c5 27. Qh4 {[#] Bc3 is the strong threat.} Nf4 $1 {aiming for ...Rh5.} 28. Qg3 Bxh3 $2 (28... Nh5 $14 29. Qh4 Nf4) 29. gxh3 $18 {[%cal Bg2h3,Bh3h4][%mdl 32]} Rh5 30. h4 Qf6 (30... Ng6 $142 31. Ng2 Qxf3 32. Qxf3 (32. Bxa5 Ne5 $16) 32... Rxf3 33. Re8+ (33. Bxa5 Nxh4 34. Nxh4 Rxh4+ 35. Kg2 Ra3 $16) 33... Kf7) 31. Ng2 ({Not} 31. Bxa5 $2 Rxh4+ 32. Kg1 Rh3 $19) 31... Ne2 32. Qg4 ({Much less strong is} 32. Rxe2 Qxa1 33. Bf4 (33. Bxa5 g6 $18) 33... Qf6 $18) 32... Rf5 {and the idea ...Nd4 leaves Black hopeful.} 33. f4 Nd4 34. Bc3 h5 35. Qg3 {White is clearly winning.} Qf7 36. Bxd4 cxd4 37. Rad1 Qf6 (37... Qxc4 $142 38. Qb3 Qxb3 39. axb3 Rc8) 38. Re4 {[%cal Be1e4,Be4d4,Bd4c4][%mdl 32]} d5 39. Rexd4 dxc4 40. Rxc4 {Precision: White = 80%, Black = 46%.} 1-0

[Event "Spring Chess Classic 2017-B"]
[Site "Saint Louis"]
[Date "2017.05.22"]
[Round "7"]
[White "Liang, Awonder"]
[Black "Paikidze, Nazi"]
[Result "1-0"]
[WhiteElo "2488"]
[BlackElo "2372"]
[Annotator "TA"]
[PlyCount "101"]
[EventDate "2017.??.??"]
[EventType "tourn"]
[EventCountry "USA"]
[SourceTitle "playchess.com"]
[Source "ChessBase"]
[SourceQuality "1"]

{[%evp 13,101,11,14,15,17,17,17,25,23,19,18,16,18,19,16,16,21,13,20,0,0,0,0,0,0,-9,22,0,0,-1,9,2,5,-5,-3,-13,12,-8,-9,-13,20,21,82,73,109,89,148,154,158,164,159,159,159,158,172,160,242,227,246,233,323,603,603,602,600,582,556,556,549,508,732,722,649,599,9296,5514,29960,29963,29963,29963,12799,12797,29980,29981,29988,29989,29989,29990,29989,29984]} 1. e4 c6 2. Nc3 d5 3. Nf3 dxe4 4. Nxe4 Nf6 5. Nxf6+ exf6 6. Bc4 Bd6 7. Qe2+ Qe7 8. Qxe7+ {B11: Caro-Kann: Two Knights Variation} Kxe7 9. O-O Rd8 10. d4 {The position is equal.} Bf5 $146 ({Predecessor:} 10... Bg4 11. Nd2 Kf8 12. c3 Bf5 13. Re1 Nd7 14. Ne4 Be7 15. Ng3 Bg6 {0-1 (69) Karjakin,S (2785)-Nakamura,H (2779) Doha 2016}) 11. c3 Kf8 12. Re1 g5 13. Bf1 Nd7 14. Bd2 Re8 15. c4 Be4 16. Bc3 Bxf3 17. gxf3 Kg7 18. c5 Bc7 19. Bc4 a5 20. a3 a4 21. Re4 f5 $132 {[%mdl 2048] Black is not keeping still} 22. Rxe8 Rxe8 23. Bd3 Kg6 24. Bc2 (24. h4 $5) 24... b5 25. cxb6 (25. d5 $5) 25... Nxb6 26. Re1 Rxe1+ 27. Bxe1 $11 {[%mdl 4096] Endgame KBB-KBN} Bf4 {[#]} (27... Bd6 $11) 28. b3 $1 $16 Nd5 29. bxa4 Bb8 (29... Kf6 $142) 30. a5 Ba7 31. Ba4 Nf4 32. Bxc6 {Hoping for d5.} Ne2+ 33. Kf1 Nxd4 34. Bd5 Nc2 (34... f4 $16 {is a better defense.} 35. Bc3 Kf6) 35. Bd2 $18 Nxa3 36. Be3 Nb5 37. Bxa7 Nxa7 {KB-KN} 38. Ke2 Kf6 39. Kd3 Ke5 40. Kc4 Kd6 41. Bxf7 h6 42. Bd5 Nc8 43. f4 gxf4 44. Bb7 Ne7 45. a6 {[%cal Ba5a6,Ba6a7][%mdl 32]} Kc7 46. Kc5 f3 47. h4 {[%cal Bh2h4,Bh4h5][%mdl 32]} f4 48. h5 {White mates.} Ng8 49. Bxf3 Nf6 50. a7 Nd7+ 51. Kd4 {Precision: White = 74%, Black = 44%.} 1-0

[Event "Spring Chess Classic 2017-B"]
[Site "Saint Louis"]
[Date "2017.05.22"]
[Round "7"]
[White "Ali Marandi, Cemil Can"]
[Black "Chirila, Ioan-Cristian"]
[Result "1/2-1/2"]
[WhiteElo "2479"]
[BlackElo "2536"]
[Annotator "TA"]
[PlyCount "113"]
[EventDate "2017.??.??"]
[EventType "tourn"]
[EventCountry "USA"]
[SourceTitle "playchess.com"]
[Source "ChessBase"]
[SourceQuality "1"]

{[%evp 24,113,0,3,18,8,7,-27,-25,-38,-29,-19,-31,-40,-34,-44,-40,-83,-56,-57,-52,-95,-23,-106,-42,-41,-32,-43,-35,-80,-66,-93,-47,-108,-79,-107,-77,-246,-233,-253,-237,-291,-303,-304,-279,-263,-67,-73,-68,-69,-69,-61,-60,-180,98,99,210,67,82,76,81,74,58,82,457,445,384,0,0,0,0,-69,-59,-252,-230,-540,-14,-14,-20,-20,0,0,0,0,0,0,0,0,0,0,0,-1]} 1. d4 Nf6 2. c4 e6 3. g3 c5 4. d5 exd5 5. cxd5 d6 6. Bg2 g6 7. Nf3 Bg7 8. Nc3 O-O 9. O-O Nbd7 10. Bf4 Qe7 11. Qd2 {A62: Modern Benoni: Fianchetto Variation without early ...Nbd7} (11. Re1 Nh5 12. Bg5 f6 13. Bd2 f5 14. Bg5 Ndf6 15. e4 fxe4 16. Nxe4 Qc7 17. Bxf6 Nxf6 18. Neg5 Qb6 {½-½ (29) Vallejo Pons,F (2711)-Ponomariov,R (2709) Tallinn 2016}) 11... Ng4 12. Rfe1 a6 13. a4 {LiveBook: 3 Games} Re8 14. Rab1 Nb6 $146 ({Predecessor:} 14... Nge5 15. h3 b6 16. Bh6 Bh8 17. Nh2 f6 18. h4 Nf7 19. Bf4 g5 20. hxg5 fxg5 {1-0 (35) Bernasek,J (2464)-Vesselovsky,S (2362) Czechia 2011}) 15. e4 Nc4 16. Qc2 Bd7 17. Bg5 Qf8 18. h3 Nge5 19. Nxe5 Nxe5 20. Kh2 c4 21. a5 $1 Rac8 22. Na4 Nd3 (22... Bxa4 $1 $17 23. Qxa4 Nd3) 23. Re2 (23. Nb6 $11 Nxe1 24. Rxe1) 23... Nb4 (23... Bxa4 $17 24. Qxa4 f5) 24. Qd1 $15 {next Nb6 is good for White.} Rc7 25. Be3 Nd3 $36 {[%mdl 2048] Black fights for an advantage.} 26. Nc3 f5 27. f4 fxe4 28. Bb6 ({White should play} 28. Nxe4 $15 Bf5 29. Ng5) 28... Rcc8 $17 29. Nxe4 Bf5 30. Ng5 $2 {[#]} (30. Qc2 $17 {is the only way for White.}) 30... Nxf4 $1 $19 {[%mdl 512]} 31. gxf4 {aiming for Ne6.} Bxb1 32. Ne6 Qf5 33. Qa4 Bd3 34. Rf2 Rxe6 $2 (34... Qf7 $19 35. Qb4 Qe7) 35. dxe6 $15 Qxe6 36. Bxb7 Rf8 37. Qc6 $1 {[#]} g5 $1 {[%mdl 512]} 38. Qg2 (38. Bxa6 $15 Be5 39. Qg2 (39. fxe5 $2 Qxe5+ 40. Kg1 Qe1+ 41. Kh2 Rxf2+ 42. Bxf2 Qxf2+ 43. Qg2 Qf4+ 44. Kg1 Qc1+ 45. Kh2 Qf4+ 46. Kg1 Qe5 $17) 39... Bxf4+ 40. Rxf4 $1 {[%mdl 512]}) (38. fxg5 Qe5+) 38... Qg6 $2 ({Better is} 38... Rf5 $1 $19 39. Bxa6 d5) 39. Bxa6 $16 Rxf4 (39... gxf4 $16 {is a better defense.} 40. Bb7 Qxg2+ 41. Kxg2 Rb8 42. Bd5+ Kh8) 40. Qd5+ (40. Qa8+ Kf7 $14) ({White must play} 40. Rxf4 $18 {Threatening mate with Qa8+.} gxf4 41. Bb7 Qxg2+ 42. Kxg2) 40... Kf8 $14 ({Of course not} 40... Qf7 $6 41. Bb7 $16) 41. Qa8+ $1 {[%mdl 1024] White has strong compensation.} Kf7 {And now ...Qf5 would win.} (41... Qe8 $2 42. Rxf4+ gxf4 43. Qxe8+ Kxe8 44. Bb7 $18) 42. Qb7+ Ke6 43. Qc8+ $1 Ke5 $2 {[%mdl 8192]} (43... Ke7 $16) 44. Qd7 $18 {Hoping for Qe7+.} Qf6 {[#]} 45. Qb5+ $2 (45. Kg1 $1 $18 Bf5 46. Qc7) 45... d5 $11 46. Bc7+ Kd4 47. Qb6+ (47. Rg2 $1 $11) 47... Ke4 $1 $15 ({Not} 47... Qxb6 $2 48. Rxf4+ Ke3 49. axb6 $18 (49. Bxb6+ Kxf4 50. Bb7 Bxb2 $15)) 48. Bxf4 $2 ({White has to play} 48. Rg2 $1 $15) 48... gxf4 $19 49. Bc8 $2 {[#]} (49. Qxf6 {nothing else works.} Bxf6 50. Kg2) 49... f3 $2 (49... Qxb6 $1 $19 50. axb6 f3) 50. Qxf6 $11 {The position is equal.} Bxf6 {[%mdl 4096] Endgame KRB-KB} 51. Bg4 $1 {[%cal Rg4f3]} Be2 52. a6 $1 {[%cal Ra6a7] a7 is the strong threat.} Be5+ 53. Kh1 {Strongly threatening a7.} Bb8 54. Rxe2+ fxe2 55. Bxe2 Ke3 56. Bg4 d4 57. Be6 {Precision: White = 39%, Black = 38%.} 1/2-1/2

[Event "Spring Chess Classic 2017-B"]
[Site "Saint Louis"]
[Date "2017.05.23"]
[Round "8"]
[White "Belous, Vladimir"]
[Black "Liang, Awonder"]
[Result "1/2-1/2"]
[WhiteElo "2587"]
[BlackElo "2488"]
[Annotator "TA"]
[PlyCount "93"]
[EventDate "2017.??.??"]
[EventType "tourn"]
[EventCountry "USA"]
[SourceTitle "playchess.com"]
[Source "ChessBase"]
[SourceQuality "1"]

{[%evp 12,93,8,-60,-44,-69,-46,-60,-53,-73,-31,-37,-39,-83,-44,-42,-39,-47,-42,-48,-32,-22,-31,-35,-25,-58,-54,-54,0,0,0,13,26,16,18,18,47,42,67,66,67,66,76,35,32,0,58,10,10,10,10,10,10,10,10,2,2,2,2,2,10,10,10,10,10,10,10,10,10,10,10,10,10,10,10,10,10,0,10,0,10,0,10,0]} 1. c4 e5 2. g3 Nf6 3. Bg2 c6 4. Nc3 d5 5. cxd5 cxd5 6. Qb3 Nc6 7. d3 {LiveBook: 14 Games. A23: English Opening: 1...e5 2 Nc3 Nf6 3 g3 c6} (7. Nxd5 $11 Nd4 8. Nxf6+ Qxf6 9. Qd1) (7. Nxd5 Nd4 8. Nxf6+ gxf6 9. Qd1 Qc7 10. Kf1 Be6 11. b3 O-O-O 12. d3 Kb8 13. Bb2 Bh6 14. e3 Nf5 15. Qe2 Bd7 16. Nf3 Bb5 17. Ne1 Qb6 18. Rd1 Rhg8 19. Bc1 Nd6 20. Kg1 f5 {½-½ (20) Bezold,M (2502)-Erdos,V (2585) Germany 2017}) 7... Be6 8. Bg5 Bb4 9. a3 {Black is slightly better.} Ba5 10. Kf1 $146 ({Predecessor:} 10. Bxf6 gxf6 11. Kf1 Nd4 12. Qa4+ Kf8 13. Nf3 Nxf3 14. Bxf3 Rc8 {1-0 (61) Voiska,M (2354)-Botvinnik,I (2187) Bled 2002}) 10... Bxc3 11. bxc3 Qd7 12. Nf3 O-O (12... Nh5 {is interesting.} 13. Qb5 O-O 14. Be3 h6 15. Rb1 Nf6) 13. Bxf6 gxf6 14. Kg1 Kh8 15. h3 Rg8 16. Kh2 f5 17. Rab1 b6 18. c4 dxc4 19. dxc4 e4 (19... Rac8 $15) 20. Qc3+ $11 Rg7 $1 21. Rhd1 Qc7 22. Nd4 Nxd4 23. Rxd4 Rag8 {next ...f4 is good for Black.} 24. e3 h5 25. h4 $1 Kh7 {[%cal Rg7g3] [#] ( -> ...Rxg3)} 26. Kg1 Rg4 27. Rd2 R4g6 ({Of course not} 27... Qxc4 $6 28. Qxc4 Bxc4 29. Bh3 $16) 28. Rd4 Rg4 29. a4 (29. Rb5 {with more complications.} a6 30. Rbd5 R4g6 31. Rd6 Qc5 32. a4) 29... Qe5 $1 {The position is equal.} 30. Rd3 Qxc3 31. Rxc3 Rc8 {[#]} 32. a5 $1 {[%mdl 512]} Rgg8 (32... bxa5 33. Rb5) 33. axb6 axb6 34. Bf1 Rc6 35. Be2 Kg6 36. Rcb3 Rb8 37. Rb4 f6 38. R1b2 (38. Ra1 {is interesting.} Rd8 39. Kf1 Rdd6 40. Ra7 Rd2 41. Rb7) 38... Rbc8 39. Rxb6 Rxb6 40. Rxb6 Bxc4 41. Bxc4 Rxc4 {[%mdl 4096] Endgame KR-KR} 42. Kg2 Rc2 43. Rd6 Rc1 44. Rb6 Rc2 45. Rd6 Rc1 46. Rb6 Rc2 47. Rd6 {Precision: White = 41%, Black = 59%.} 1/2-1/2

[Event "Spring Chess Classic 2017-B"]
[Site "Saint Louis"]
[Date "2017.05.23"]
[Round "8"]
[White "Chirila, Ioan-Cristian"]
[Black "Fier, Alexandr"]
[Result "1/2-1/2"]
[WhiteElo "2536"]
[BlackElo "2569"]
[Annotator "TA"]
[PlyCount "70"]
[EventDate "2017.??.??"]
[EventType "tourn"]
[EventCountry "USA"]
[SourceTitle "playchess.com"]
[Source "ChessBase"]
[SourceQuality "1"]

{[%evp 25,70,12,12,7,30,0,29,0,92,37,41,37,37,18,46,29,73,47,82,82,82,80,104,100,107,83,115,11,11,3,6,4,12,8,22,8,7,0,0,0,0,0,0,0,2,2,12]} 1. c4 Nf6 2. Nc3 g6 3. d4 Bg7 4. e4 O-O 5. Be2 d6 6. Bg5 c5 7. d5 e6 8. Nf3 {[%cal Bg1f3,Bf3d2,Bd2c4][%mdl 32]} exd5 9. cxd5 h6 10. Bh4 g5 11. Bg3 Nh5 12. Nd2 Nxg3 13. hxg3 Nd7 14. Nc4 {[#] A72: Modern Benoni: Classical: Lines with Bg5} Qf6 $146 ({Predecessor:} 14... Nf6 15. a4 b6 16. Qc2 Re8 17. O-O a6 18. Rfe1 Rb8 19. Ne3 Qe7 20. Bd3 h5 21. e5 dxe5 {1-0 (58) Wang,Y (2716)-Ding,L (2749) Danzhou 2015}) 15. O-O Rb8 {[%cal Ba8b8,Bb8b4,Bb4e4][%mdl 32]} 16. Ne3 {White has an edge.} b5 (16... a6 $11 {remains equal.}) 17. Bxb5 (17. Nxb5 $16 {Strongly threatening Nf5.} Ne5 18. Qd2) 17... a6 18. Bxd7 Bxd7 19. Qc2 Rb4 20. Rac1 $36 {[%mdl 2048] White is pushing.} Rfb8 21. b3 Qxc3 22. Qxc3 Bxc3 23. Rxc3 Bb5 24. Rfc1 {Threatens to win with f3.} Rxe4 25. Nf5 Rb6 {[#]} 26. Nxh6+ ({White should try} 26. a4 $1 $16 {[%cal Ra4b5]} Bd7 27. a5 (27. Nxh6+ Kg7 $17) 27... Bxf5 28. axb6) 26... Kg7 $11 {The position is equal.} 27. Re3 Rxe3 28. Nf5+ Kf6 29. Nxe3 {[%mdl 4096] Endgame KRB-KRN} a5 30. f4 a4 31. Kf2 axb3 32. axb3 Ra6 33. Kf3 Ra3 34. Rb1 Kg6 35. Rb2 Bd3 {Precision: White = 64%, Black = 44%.} 1/2-1/2

[Event "Spring Chess Classic 2017-B"]
[Site "Saint Louis"]
[Date "2017.05.23"]
[Round "8"]
[White "Chandra, Akshat"]
[Black "Gelashvili, Tamaz"]
[Result "1/2-1/2"]
[WhiteElo "2495"]
[BlackElo "2563"]
[Annotator "TA"]
[PlyCount "88"]
[EventDate "2017.??.??"]
[EventType "tourn"]
[EventCountry "USA"]
[SourceTitle "playchess.com"]
[Source "ChessBase"]
[SourceQuality "1"]

{[%evp 21,88,44,54,25,55,57,116,110,112,118,115,116,114,115,130,127,133,133,142,123,125,125,125,125,125,117,118,118,118,118,118,118,120,113,118,114,118,116,123,120,116,103,105,104,101,91,111,29,35,16,12,0,24,18,56,0,0,0,0,-714,0,0,0,-47,-42,-50,-26,-28,0]} 1. e4 c5 2. Nf3 d6 3. Bb5+ Nd7 4. c3 a6 5. Ba4 Ngf6 6. Qe2 b5 7. Bc2 Bb7 {B51: Sicilian: Moscow Variation (3 Bb5+) without 3...Bd7} 8. O-O e5 (8... e6 9. d4 Be7 10. Re1 Qb6 11. Nbd2 cxd4 12. cxd4 O-O 13. Nf1 Rfc8 14. Ng3 Nf8 15. Bd3 b4 16. Be3 Ng4 {½-½ (67) Kobalia,M (2628)-Wojtaszek,R (2749) Tallinn 2016}) 9. d4 Be7 10. Rd1 Qc7 11. d5 c4 {LiveBook: 5 Games} 12. a4 O-O 13. Na3 Qb6 (13... Qb8 $14) 14. Be3 $16 Nc5 15. Nd2 Nfd7 $146 16. b4 cxb3 17. Nxb3 Rfc8 18. axb5 Qd8 19. Nxc5 Nxc5 20. f3 axb5 21. Nxb5 Ba6 22. c4 {[%cal Bc3c4,Bc4b5][%mdl 32]} Bxb5 23. cxb5 Rab8 24. Rdb1 Bg5 25. Bf2 Qc7 26. Bd3 {[%cal Bc2d3,Bd3f1,Bf1h3][%mdl 32]} Bd8 27. Qd1 Qe7 28. Bf1 Bb6 29. g3 g6 30. Bh3 Rc7 31. Ra2 Kg7 32. Qd2 Ra7 33. Rxa7 Qxa7 34. Kh1 (34. Bf1 $16) 34... Qa4 $11 {[#] Threatens to win with ...Nxe4!} 35. Bxc5 Bxc5 36. Bd7 (36. Bf1 {seems wilder.} Bb6 37. Rc1 Ra8 38. Qc3 Qa2 39. Qc2) 36... Qa7 37. Bc6 Qe7 38. Qd3 (38. Kg2 $14) 38... h5 {[%cal Bh7h5,Bh5h4][%mdl 32]} 39. Qd2 h4 40. Bd7 $2 {[%mdl 8192] [#]} (40. g4 $11) 40... Qd8 $2 (40... Qxd7 $19 41. gxh4 Qh3) 41. Bc6 Qe7 42. f4 hxg3 43. hxg3 exf4 44. Qxf4 f5 {Precision: White = 43%, Black = 61%.} 1/2-1/2

[Event "Spring Chess Classic 2017-B"]
[Site "Saint Louis"]
[Date "2017.05.23"]
[Round "8"]
[White "Abdumalik, Zhansaya"]
[Black "Lenderman, Alex"]
[Result "0-1"]
[WhiteElo "2420"]
[BlackElo "2587"]
[Annotator "TA"]
[PlyCount "178"]
[EventDate "2017.??.??"]
[EventType "tourn"]
[EventCountry "USA"]
[SourceTitle "playchess.com"]
[Source "ChessBase"]
[SourceQuality "1"]

{[%evp 16,178,27,13,41,27,31,19,29,0,0,0,0,0,0,0,0,-39,-37,-30,-27,-30,-24,-25,0,-65,-58,-67,-65,-63,-68,-75,-60,-85,-87,-72,-60,-85,-66,-90,-84,-72,-74,-131,-54,-100,-94,-90,-80,-87,-84,-91,-88,-91,-78,-74,-67,-79,-67,-62,-27,-28,-30,-29,-32,-40,-33,-31,0,-2,-2,-4,-2,-6,-8,-14,-4,-5,0,-9,0,0,0,0,0,0,0,0,0,0,0,0,0,0,0,0,0,-7,0,0,0,0,0,0,0,0,0,0,0,0,0,0,0,0,0,0,0,0,0,0,0,0,0,0,0,0,0,0,0,-14,-14,-14,-14,-14,-15,-444,-436,-345,-423,-411,-393,-372,-365,-1035,-900,-1450,-1216,-2257,-2365,-1970,-1828,-1738,-1482,-2457,-1972,-2479,-2176,-12838,-12838,-12839,-12839,-12840,-12839,-12841,-12841]} 1. e4 c6 2. d4 d5 3. Nd2 dxe4 4. Nxe4 Nf6 5. Nxf6+ exf6 6. c3 Bd6 7. Bd3 O-O 8. Qc2 Re8+ {B15: Caro-Kann: 3 Nc3: 3...g6 and 3...dxe4 4 Nxe4 Nf6 5 Nxf6+ exf6} (8... h6 9. Ne2 Qc7 10. h3 b5 11. O-O Nd7 12. b3 Bb7 13. Be3 Rfe8 14. Qd2 c5 15. dxc5 Nxc5 16. Bxb5 Red8 17. Nd4 Ne4 {½-½ (25) Tiviakov,S (2591)-Safarli,E (2664) Nakhchivan 2016}) 9. Ne2 {LiveBook: 184 Games} h5 (9... f5 $5) 10. Be3 Nd7 {[%cal Bb8d7,Bd7b6,Bb6d5,Bd5f4][%mdl 32] White has an edge.} 11. Ng3 $146 ({Predecessor:} 11. O-O-O Nf8 12. Kb1 Be6 13. Nf4 Bxf4 14. Bxf4 b5 15. Be4 Bd5 16. Rhe1 Bxe4 17. Rxe4 {0-1 (52) Abrahamyan,T (2364)-Krush,I (2444) Saint Louis 2017}) 11... Nb6 12. O-O-O Nd5 13. Bd2 Nf4 14. Bxf4 Bxf4+ 15. Kb1 Qa5 16. Bh7+ (16. d5 $5) 16... Kf8 17. Bf5 {Threatens to win with Bxc8.} Bxf5 18. Nxf5 g6 19. Nh4 Re6 20. Qb3 (20. g3 $11 Bd6 21. f4) 20... Re2 $36 {[%mdl 2048] Black is pushing.} 21. Rhf1 Rae8 22. Nf3 Qf5+ 23. Ka1 Qg4 24. Ng1 R2e7 25. g3 {Hoping for h3.} Bd6 26. Qc2 Qe6 27. Qd3 c5 28. d5 Qg4 29. Kb1 ({White should try} 29. c4) 29... f5 (29... c4 $17 30. Qc2 Kg7) 30. h3 Qa4 31. Nf3 Re2 {...c4 is the strong threat.} 32. Ng1 R2e4 33. Nf3 b5 34. Qc2 Qa6 35. Rfe1 Qb7 36. Qd2 Kg7 37. Rxe4 fxe4 38. Ng5 Qd7 39. Qe3 $1 Qf5 40. h4 Re5 41. Kc1 Rxd5 (41... Kg8 {feels hotter.} 42. Re1 Rxd5 43. Nxe4 Re5 44. b3 Be7) 42. Rxd5 Qxd5 43. Nxe4 Be7 44. a3 Qe5 45. Qf3 a5 46. Kc2 a4 47. Qd3 f6 48. f4 Qe6 49. Nd2 c4 50. Qe4 Qxe4+ 51. Nxe4 $11 {[%mdl 4096] Endgame KB-KN} Kf7 (51... f5 $5 {[%cal Rf5e4]} 52. Ng5 Kf6 $11) 52. Kd2 Ke6 {And now ...Kf5 would win.} 53. Ke3 Bd8 54. Kf3 Bb6 55. Nd2 Bd8 56. Ne4 Be7 57. Ke3 Kf5 58. Kf3 $1 Bf8 59. Ke3 Kg4 60. Kf2 Be7 {White must now prevent ...f5.} 61. Kg2 Kf5 62. Kf3 Bf8 63. Ke3 Ke6 64. Kf3 Kf7 65. Ke3 Be7 66. Kf3 Ke8 (66... f5 $5 {[%cal Rf5e4]} 67. Ng5+ Bxg5 68. hxg5 Ke8 $11) 67. Ke3 {next Kd4 is good for White.} Kd7 68. Kf3 Kc6 (68... f5 $5 {[%cal Rf5e4]} 69. Nd2 Ke6 $11) 69. Ke3 Kd5 70. Kf3 $1 Bd8 (70... f5 $5 {[%cal Rf5e4]} 71. Nd2 Bf6 $11) 71. Ke3 $1 Ke6 72. Kf3 Bc7 73. Ke3 Kf5 74. Kf3 Bb8 75. Ke3 $2 {[%mdl 8192] [#]} (75. Nd2 $11) 75... Kg4 $1 $19 76. Kf2 {[#]} Ba7+ $1 77. Kg2 Be3 78. Nd6 Bc1 79. Nxb5 $2 (79. Nf7 Kf5 80. Nd6+ Ke6 81. Nxb5) 79... Bxb2 {Black is clearly winning.} 80. Kf2 Kh3 81. Kf3 f5 82. Kf2 Kh2 83. Kf3 Kg1 84. Ke2 Kg2 85. Kd2 Kxg3 86. Kc2 Kxh4 87. Nd6 Kg3 88. Nxc4 h4 89. Nd2 Bxa3 {Precision: White = 69%, Black = 78%.} 0-1

[Event "Spring Chess Classic 2017-B"]
[Site "Saint Louis"]
[Date "2017.05.23"]
[Round "8"]
[White "Paikidze, Nazi"]
[Black "Ali Marandi, Cemil Can"]
[Result "1/2-1/2"]
[WhiteElo "2372"]
[BlackElo "2479"]
[Annotator "TA"]
[PlyCount "61"]
[EventDate "2017.??.??"]
[EventType "tourn"]
[EventCountry "USA"]
[SourceTitle "playchess.com"]
[Source "ChessBase"]
[SourceQuality "1"]

{[%evp 17,61,52,54,66,76,72,107,127,187,182,260,176,185,163,135,0,0,7,10,0,0,0,0,0,0,0,0,0,0,0,0,-6,0,0,0,0,5,0,8,0,0,0,0,-3,0,0]} 1. d4 f5 2. g3 Nf6 3. Bg2 g6 4. c4 Bg7 5. Nf3 O-O 6. O-O d6 7. Nc3 c6 8. Rb1 Qc7 9. d5 e5 10. dxe6 {A88: Dutch Defence: Leningrad System: 5 Nf3 0-0 6 0-0 d6 7 Nc3 c6} Bxe6 11. Bf4 (11. b3 Na6 12. Qc2 Nc5 13. Rd1 Rad8 14. Ng5 Bc8 15. b4 Ne6 16. b5 Nc5 17. bxc6 bxc6 {½-½ (63) Wang,Y (2720)-Mamedyarov,S (2765) Beijing 2014}) 11... Rd8 12. c5 $1 {White is better.} Ne8 {[#]} (12... Na6 $16) 13. Ng5 $1 $18 {[%cal Rg5e6]} Bf7 (13... Qc8 {is a better defense.}) 14. Nb5 $146 ({Predecessor:} 14. Nxf7 Qxf7 15. cxd6 Nd7 16. e4 Ne5 17. exf5 gxf5 {0-1 (31) Capek,I (2180)-Kholmov,R (2445) Decin 1995}) 14... Qd7 15. cxd6 {Black must now prevent Nc7.} Na6 ({Not} 15... cxb5 $2 16. Bd5 $18) 16. Nc7 (16. e4 $16) 16... Naxc7 {The position is equal.} 17. dxc7 Nxc7 18. Qxd7 (18. Qa4 {seems wilder.} Ne6 19. Rfd1 Qe7 20. Nxf7 Qxf7 21. Be3) 18... Rxd7 19. Nxf7 Kxf7 20. Bxc7 Rxc7 21. Rfd1 Ke7 22. e3 Rd8 23. Rxd8 Kxd8 $11 {[%mdl 4096] Endgame KRB-KRB} 24. Kf1 Rd7 25. Ke2 Kc7 26. b3 Kb6 (26... Bc3 $5 {[%cal Rd7d2]}) 27. Rc1 a5 28. Rc4 Bf8 29. a4 Bb4 30. Rd4 Rxd4 31. exd4 {Precision: White = 89%, Black = 54%.} 1/2-1/2